World Currency Quiz Hard version - Statistics

General Stats
  • This quiz has been taken 29 times
  • The average score is 96 of 214
Answer Stats
Country/Territory Answers % Correct
Australia Australian Dollar | AUD
88%
Bahamas Bahamian Dollar | BSD
88%
Andorra Euro | EUR
88%
Austria Euro | EUR
88%
Argentina Argentine Peso | ARS
81%
Barbados Barbadian Dollar | BBD
81%
Bermuda Bermudian Dollar | BMD
81%
Belgium Euro | EUR
81%
Canada Canadian Dollar | CAD
75%
Antigua and Barbuda Eastern Caribbean Dollar | XCD
75%
Croatia Euro | EUR
75%
France Euro | EUR
75%
Germany Euro | EUR
75%
Ireland Euro | EUR
75%
Italy Euro | EUR
75%
Lithuania Euro | EUR
75%
Luxembourg Euro | EUR
75%
Malta Euro | EUR
75%
Netherlands Euro | EUR
75%
New Zealand New Zealand Dollar | NZD
75%
Algeria Algerian Dinar | DZD
69%
Bahrain Bahraini Dinar | BHD
69%
Belize Belize Dollar | BZD
69%
Chile Chilean Peso | CLP
69%
Colombia Colombian Peso | COP
69%
Anguilla Eastern Caribbean Dollar | XCD
69%
Estonia Euro | EUR
69%
Finland Euro | EUR
69%
Greece Euro | EUR
69%
Latvia Euro | EUR
69%
Monaco Euro | EUR
69%
Portugal Euro | EUR
69%
Fiji Fijian Dollar | FJD
69%
India Indian Rupee | INR
69%
Jamaica Jamaican Dollar | JMD
69%
Mexico Mexican Peso | MXN
69%
Cuba Cuban Peso | CUP
63%
Denmark Danish Krone | DKK
63%
Afghanistan Afghani | AFN
63%
Dominican Republic Dominican Peso | DOP
63%
Egypt Egyptian Pound | EGP
63%
Cyprus Euro | EUR
63%
Montenegro Euro | EUR
63%
Hong Kong Hong Kong Dollar | HKD
63%
Iceland Icelandic Króna | ISK
63%
Jordan Jordanian Dinar | JOD
63%
Japan Yen | JPY
63%
Nauru Australian Dollar | AUD
56%
Belarus Belarusian Ruble | BYN
56%
Brunei Brunei Dollar | BND | Singapore Dollar | SGD
56%
Bulgaria Bulgarian Lev | BGN
56%
Cayman Islands Cayman Islands Dollar | KYD
56%
Dominica Eastern Caribbean Dollar | XCD
56%
Grenada Eastern Caribbean Dollar | XCD
56%
San Marino Euro | EUR
56%
Czechia Koruna | CZK
56%
Kuwait Kuwaiti Dinar | KWD
56%
Albania Lek | ALL
56%
Nepal Nepalese Rupee | NPR | Indian Rupee | INR
56%
Norway Norwegian Krone | NOK
56%
Macao Pataca | MOP | Hong Kong Dollar | HKD
56%
Brazil Real | BRL
56%
Israel Shekel | ILS
56%
Liechtenstein Swiss Franc | CHF
56%
Northern Cyprus Turkish Lira | TRY
56%
British Virgin Islands US Dollar | USD
56%
Micronesia US Dollar | USD
56%
China Yuan | CNY
56%
Kiribati Australian Dollar | AUD
50%
Congo, Republic of the Central African CFA Franc | XAF
50%
Equatorial Guinea Central African CFA Franc | XAF
50%
Gabon Central African CFA Franc | XAF
50%
Congo, Democratic Republic of the Congolese Franc | CDF
50%
Djibouti Djiboutian Franc | DJF
50%
Montserrat Eastern Caribbean Dollar | XCD
50%
Spain Euro | EUR
50%
Guinea Guinean Franc | GNF
50%
Guyana Guyanese Dollar | GYD
50%
Iraq Iraqi Dinar | IQD
50%
Kenya Kenyan Shilling | KES
50%
Liberia Liberian Dollar | LRD | US Dollar | USD
50%
Libya Libyan Dinar | LYD
50%
Eswatini Lilangeni | SZL | Rand | ZAR
50%
Lesotho Loti | LSL | Rand | ZAR
50%
Bosnia and Herzegovina Mark | BAM
50%
Moldova Moldovan Leu | MDL
50%
Namibia Namibian Dollar | NAD | Rand | ZAR
50%
Indonesia Rupiah | IDR
50%
Singapore Singapore Dollar | SGD | Brunei Dollar | BND
50%
Switzerland Swiss Franc | CHF
50%
United Kingdom UK Pound Sterling | GBP
50%
East Timor US Dollar | USD
50%
Ecuador US Dollar | USD
50%
Marshall Islands US Dollar | USD
50%
Côte d'Ivoire West African CFA Franc | XOF
50%
Guinea-Bissau West African CFA Franc | XOF
50%
Mali West African CFA Franc | XOF
50%
Poland Zloty | PLN
50%
Panama Balboa | PAB | US Dollar | USD
44%
Bolivia Boliviano | BOB
44%
Cameroon Central African CFA Franc | XAF
44%
Central African Republic Central African CFA Franc | XAF
44%
Chad Central African CFA Franc | XAF
44%
Comoros Comorian Franc | KMF
44%
Saint Kitts and Nevis Eastern Caribbean Dollar | XCD
44%
Saint Lucia Eastern Caribbean Dollar | XCD
44%
Akrotiri and Dhekelia Euro | EUR
44%
Slovakia Euro | EUR
44%
Slovenia Euro | EUR
44%
Hungary Forint | HUF
44%
Iran Iranian Rial | IRR
44%
Lebanon Lebanese Pound | LBP
44%
North Korea North Korean Won | KPW
44%
Pakistan Pakistani Rupee | PKR
44%
Guatemala Quetzal | GTQ
44%
Cambodia Riel | KHR | US Dollar | USD
44%
Malaysia Ringgit | MYR
44%
Russia Russian Ruble | RUB
44%
Palestine Shekel | ILS | Jordanian Dinar | JOD
44%
Trinidad and Tobago Trinidad and Tobago Dollar | TTD
44%
Turkey Turkish Lira | TRY
44%
El Salvador US Dollar | USD | Bitcoin | BTC
44%
Burkina Faso West African CFA Franc | XOF
44%
Niger West African CFA Franc | XOF
44%
Azerbaijan Azerbaijan Manat | AZN
38%
Burundi Burundian Franc | BIF
38%
French Polynesia CFP Franc | XPF
38%
Cape Verde Escudo | CVE
38%
Laos Kip | LAK
38%
Angola Kwanza | AOA
38%
Honduras Lempira | HNL
38%
Morocco Moroccan Dirham | MAD
38%
Bhutan Ngultrum | BTN | Indian Rupee | INR
38%
Oman Omani Rial | OMR
38%
Philippines Philippine Peso | PHP
38%
South Africa Rand | ZAR
38%
Romania Romanian Leu | RON
38%
Peru Sol | PEN
38%
Sweden Swedish Krona | SEK
38%
Uruguay Uruguayan Peso | UYU
38%
Bonaire US Dollar | USD
38%
Palau US Dollar | USD
38%
United States US Dollar | USD
38%
Benin West African CFA Franc | XOF
38%
Aruba Aruban Guilder (Florin) | AWG
31%
Thailand Baht | THB
31%
Ethiopia Birr | ETB
31%
New Caledonia CFP Franc | XPF
31%
Costa Rica Colón | CRC
31%
Vietnam Đồng | VND
31%
Armenia Dram | AMD
31%
Haiti Gourde | HTG
31%
Myanmar Kyat | MMK
31%
Qatar Qatari Riyal | QAR
31%
Maldives Rufiyaa | MVR
31%
Rwanda Rwandan Franc | RWF
31%
Saudi Arabia Saudi Riyal | SAR
31%
Serbia Serbian Dinar | RSD
31%
Kyrgyzstan Som | KGS
31%
South Korea South Korean Won | KRW
31%
Sri Lanka Sri Lankan Rupee | LKR
31%
Syria Syrian Pound | SYP
31%
Kazakhstan Tenge | KZT
31%
Mongolia Tögrög | MNT
31%
Tunisia Tunisian Dinar | TND
31%
Madagascar Ariary | MGA
25%
Tuvalu Australian Dollar | AUD
25%
Venezuela Bolívar Digital | VED | US Dollar | USD
25%
Ghana Cedi | GHS
25%
North Macedonia Denar | MKD
25%
St Vincent and the Grenadines Eastern Caribbean Dollar | XCD
25%
Paraguay Guarani | PYG
25%
Georgia Lari | GEL
25%
Mozambique Metical | MZN
25%
Botswana Pula | BWP
25%
Saint Helena, Ascension Island and Tristan da Cunha Saint Helena Pound | SHP
25%
Solomon Islands Solomon Islands Dollar | SBD
25%
South Sudan South Sudanese Pound | SSP
25%
Sudan Sudanese Pound | SDG
25%
Suriname Surinamese Dollar | SRD
25%
Tanzania Tanzanian Shilling | TZS
25%
Uganda Ugandan Shilling | UGX
25%
Turks and Caicos Island US Dollar | USD
25%
Senegal West African CFA Franc | XOF
25%
Togo West African CFA Franc | XOF
25%
Wallis and Futuna Islands CFP Franc | XPF
19%
Nicaragua Córdoba Oro | NIO
19%
Gambia Dalasi | GMD
19%
Mauritius Mauritian Rupee | MUR
19%
Nigeria Naira | NGN
19%
Eritrea Nakfa | ERN
19%
Mauritania Ouguiya | MRU
19%
Seychelles Seychelles Rupee | SCR
19%
Somalia Somali Shilling | SOS
19%
Tajikistan Tajikistan Somoni | TJS
19%
Bangladesh Taka | BDT
19%
Samoa Tālā | WST
19%
Turkmenistan Turkmenistan Manat | TMT
19%
United Arab Emirates United Arab Emirates Dirham | AED
19%
Saba US Dollar | USD
19%
Sint Eustatius US Dollar | USD
19%
Yemen Yemeni Rial | YER
19%
Zimbabwe Zimbabwe Gold | ZIG | US Dollar | USD
19%
São Tomé and Príncipe Dobra | STP
13%
Ukraine Hryvnia | UAH
13%
Papua New Guinea Kina | PGK
13%
Malawi Kwacha | MWK
13%
Zambia Kwacha | ZMW
13%
Sierra Leone Leone | SLE
13%
Curacao Netherlands Antillean Guilder | ANG
13%
Tonga Pa'anga | TOP
13%
Uzbekistan Sum | UZS
13%
Vanuatu Vatu | VUV
13%
Netherlands Antilles Netherlands Antilles Guilder | ANG
6%
No matching quizzes found
Score Distribution
Percent of People with Each Score
Percentile by Number Answered
Your Score History
You have not taken this quiz